| 000 | 00354nam a2200133Ia 4500 | ||
|---|---|---|---|
| 005 | 20260326235443.0 | ||
| 008 | 260326s9999||||xx |||||||||||||| ||und|| | ||
| 100 | _aSucre, Sebastián | ||
| 245 | 0 |
_aPuertas y ventanas del Barrio de San Felipe / _cSebastián Sucre |
|
| 260 | _bSibauste | ||
| 300 | _a127 p. | ||
| 650 | _aARQUITECTURA REGIONAL | ||
| 942 | _cBK | ||
| 999 |
_c7503 _d7503 |
||